| 000 | 01067pam a2200325 i 4500 | ||
|---|---|---|---|
| 999 |
_c5832 _d5832 |
||
| 001 | 016210648 | ||
| 003 | Uk | ||
| 005 | 20251118104301.0 | ||
| 008 | 121109s2013 enka 000 0aeng|d | ||
| 020 | _a9781444762198 (paperback) | ||
| 040 |
_aStDuBDS _beng _cStDuBDS _dUk _dKH8 _erda |
||
| 042 | _aukblcatcopy | ||
| 082 | 0 | 4 |
_a362.196 SPE _223 |
| 100 | 1 |
_aSpencer-Wendel, Susan, _eauthor. |
|
| 245 | 1 | 0 |
_aUntil I say goodbye : _bmy year of living with joy / _cSusan Spencer-Wendel with Bret Witter. |
| 264 | 1 |
_aLondon : _bTwo Roads, _c2013. |
|
| 300 |
_axi, 362 pages : _billustrations (black and white) ; _c23 cm |
||
| 336 |
_atext _2rdacontent |
||
| 336 |
_astill image _2rdacontent |
||
| 337 |
_aunmediated _2rdamedia |
||
| 338 |
_avolume _2rdacarrier |
||
| 530 | _aAlso issued online. | ||
| 600 | 1 | 0 |
_aSpencer-Wendel, Susan _xHealth. |
| 650 | 0 |
_aAmyotrophic lateral sclerosis _xPatients _vBiography. |
|
| 650 | 0 | _aSelf-realization. | |
| 650 | 0 | _aConduct of life. | |
| 690 | 7 |
_aSocial Welfare _2blcoll |
|
| 700 | 1 |
_aWitter, Bret, _eauthor. |
|
| 942 |
_2ddc _cNFIC |
||